000 00473nam a2200181Ia 4500
001 46745
008 140429s9999 xx 000 0 und d
020 _aNA
040 _cPK-LaUMT
082 _aRHC 891.551
_bABD-M
100 _aAbdur Rahman Jami
245 _aMajmooah kalaam faarsi Naqsh-e-davaam (Persian)
_cAbdur Rahman Jami
260 _aKasur,Pakistan:
_bManuscript (by author),
_c1992
300 _a122 p.
546 _aPersian
650 _aFarsi
942 _cBK
999 _c44694
_d44694